| 000 | 01318cam a2200289 i 4500 | ||
|---|---|---|---|
| 999 |
_c13804 _d13804 |
||
| 020 | _a9789811157486 | ||
| 050 | 0 | 0 | _aPZ7.7.P53 |
| 082 | 0 | 0 |
_aFic. P639d 2017 Bk.2 _223 |
| 100 | 1 |
_aPilkey, Dav, _d1966- |
|
| 245 | 1 | 0 |
_aDog man : _bunleashed / _cwritten and illustrated by Dav Pilkey as George Beard and Harold Hutchins ; with color by Jose Garibaldi. |
| 260 |
_aSingapore _bScholastic _cc2019 |
||
| 300 |
_a220 pages : _bcolor illustrations ; _c21 x 13.5 cm. |
||
| 337 |
_aunmediated _bn |
||
| 490 | 0 |
_aDog Man ; _v2 |
|
| 504 | _aLexile level - 260 | ||
| 505 | 0 | _aFore-foreward: Behind the Profundity -- Foreword: George and Harold's recap of our story thus far -- The secret meeting -- Penelope's pets - Happy birthday, chief == The big robbery -- Petey's big escape -- A bunch stuff that happened next -- Big fight -- Flat cat fever -- The mysterious stranger returns -- An ice ending | |
| 520 | _aWhen Dog Man is sent to the pound for a crime he did not commit, his friends work to prove his innocence. | ||
| 526 | _aFICTION | ||
| 650 | 1 | _aGraphic novels. | |
| 650 | 1 | _aHumorous stories. | |
| 650 | 1 | _aDogs -- Juvenile fiction. | |
| 650 | 1 | _aCats -- Juvenile fiction. | |
| 650 | 1 | _aPolice -- Juvenile fiction. | |
| 650 | 1 | _aAdventure and adventurers. | |
| 700 | 1 | _aGaribaldi, Jose, | |
| 942 |
_2ddc _cBK |
||